000 00635cam a2200205 4500
001 J1229
008 090401t1992 xxu||||| |||| 00| 0 eng d
035 _a(Sirsi) u42406
041 _aeng
110 _aEurope
_bEuropean Communities Council
_92364
245 _aCouncil Regulation (EEC) No. 2069/92 of 30 June 1992 amending Regulation (EEC) No. 3013/89 on the common organization of the market in sheepmeat and goatmeat.
260 _c1992
300 _a(4)p. ; 30cm.
350 _a0
490 _aRegulation (EEC)
_v2069/92
650 _aEC REGULATIONS
690 _aEUROPE-SINGLE MARKET
942 _n0
948 _c04/03/1997
999 _c91102
_d91102